|
|
|
|
| LEADER |
00740cam a2200205 7i4500 |
| 001 |
0000002952 |
| 005 |
20221021090000.0 |
| 020 |
|
|
|a 9780125571661
|
| 020 |
|
|
|a 0125571666 (pbk.)
|
| 090 |
0 |
0 |
|a QH442.6
|b .T36 2002
|
| 245 |
0 |
0 |
|a Transgenic animal technology :
|b a laboratory handbook
|c edited by Carl A. Pinkert.
|
| 250 |
|
|
|a 2nd ed.
|
| 260 |
|
|
|a Amsterdam:
|b Academic Press,
|c 2002.
|
| 300 |
|
|
|a xv, 618 p.:
|b ill.;
|c 24 cm.
|
| 504 |
|
|
|a Includes bibliographical references and index
|
| 650 |
0 |
0 |
|a Animal genetic engineering
|
| 700 |
1 |
|
|a Pinkert, Carl A.
|
| 997 |
|
|
|a Engineering & Life Sciences, Faculty
|b Science & Biotechnology, Department
|
| 998 |
|
|
|a Biotechnology, Degree
|
| 999 |
|
|
|a 0000007523
|b BOK
|c OPEN SHELF
|e 1st Floor, Bestari Jaya
|